Detalles MARC
| 000 -LEADER |
| fixed length control field |
03198nam a2200529Ii 4500 |
| 001 - CONTROL NUMBER |
| control field |
DIGARTEP0051 |
| 003 - CONTROL NUMBER IDENTIFIER |
| control field |
NyNyDIG |
| 008 - FIXED-LENGTH DATA ELEMENTS--GENERAL INFORMATION |
| fixed length control field |
141001s2004 txua ob 000 0 eng d |
| 006 - FIXED-LENGTH DATA ELEMENTS--ADDITIONAL MATERIAL CHARACTERISTICS |
| fixed length control field |
m o d |
| 007 - PHYSICAL DESCRIPTION FIXED FIELD--GENERAL INFORMATION |
| fixed length control field |
cr ||||||||||| |
| 020 ## - INTERNATIONAL STANDARD BOOK NUMBER |
| International Standard Book Number |
9781611921953 |
| Qualifying information |
(eBook) |
| 020 ## - INTERNATIONAL STANDARD BOOK NUMBER |
| International Standard Book Number |
1611921953 |
| Qualifying information |
(eBook) |
| 020 ## - INTERNATIONAL STANDARD BOOK NUMBER |
| Canceled/invalid ISBN |
1558854258 |
| Qualifying information |
(pbk : |
| -- |
alk. paper) |
| 020 ## - INTERNATIONAL STANDARD BOOK NUMBER |
| Canceled/invalid ISBN |
9781558854253 |
| Qualifying information |
(pbk : |
| -- |
alk. paper) |
| 035 ## - SYSTEM CONTROL NUMBER |
| System control number |
(OCoLC)656285242 |
| 040 ## - CATALOGING SOURCE |
| Original cataloging agency |
DGITA |
| Language of cataloging |
eng |
| Description conventions |
rda |
| -- |
pn |
| Transcribing agency |
DGITA |
| 043 ## - GEOGRAPHIC AREA CODE |
| Geographic area code |
n-usc-- |
| 050 14 - LIBRARY OF CONGRESS CALL NUMBER |
| Classification number |
F358.2.S75 eBook |
| 245 03 - TITLE STATEMENT |
| Title |
La causa : |
| Remainder of title |
civil rights, social justice, and the struggle for equality in the Midwest / |
| Statement of responsibility, etc. |
Gilberto Cárdenas, editor ; foreword by Henry A.J. Ramos. |
| 264 #1 - PRODUCTION, PUBLICATION, DISTRIBUTION, MANUFACTURE, AND COPYRIGHT NOTICE |
| Place of production, publication, distribution, manufacture |
Houston, Tex. : |
| Name of producer, publisher, distributor, manufacturer |
Arte Publico Press, |
| Date of production, publication, distribution, manufacture, or copyright notice |
2004. |
| 300 ## - PHYSICAL DESCRIPTION |
| Extent |
1 online resource (xvii, 205 pages) : |
| Other physical details |
illustrations. |
| 336 ## - CONTENT TYPE |
| Content type term |
text |
| Content type code |
txt |
| Source |
rdacontent |
| 337 ## - MEDIA TYPE |
| Media type term |
computer |
| Media type code |
c |
| Source |
rdamedia |
| 338 ## - CARRIER TYPE |
| Carrier type term |
online resource |
| Carrier type code |
cr |
| Source |
rdacarrier |
| 490 1# - SERIES STATEMENT |
| Series statement |
Hispanic civil rights series. |
| 504 ## - BIBLIOGRAPHY, ETC. NOTE |
| Bibliography, etc. note |
Includes bibliographical references (pages 191-198). |
| 505 0# - FORMATTED CONTENTS NOTE |
| Formatted contents note |
Introduction : La causa : civil rights and struggles for equality in the midwest / Gilberto Cardenas -- Latinos in the Midwest : civil rights and community organization / Ricardo Parra -- Latinos and the growth of political empowerment in Illinois / Patricia Mendoza -- From La Lucha to Latino : ethnic change, political identity, and civil rights in Chicago / David A. Badillo -- The Latino Institute : promoting Latino progress through policy analysis, leadership development, and advocacy / Sylvia Puente, Victor Ortiz -- In search of meaningful voice and place : the IPO and Latino community empowerment in Chicago / Maria de Los Angeles Torres -- Civil rights and the Latino community : education / Judith Murphy -- In the aftermath of September 11, 2001, and the Homeland Security Act of 2002 : implications for midwest Latinos / Refugio I. Rochin, Alex Santana -- Latinos struggle for equality : a case study of Nebraska's Latino communities / Miguel A. Carranza -- Mujeres Latinas en accion : a case study of Latina civil rights / Martha Zurita. |
| 588 0# - SOURCE OF DESCRIPTION NOTE |
| Source of description note |
Online resource; title from ePub and PDF title page (Digitalia, viewed October 13, 2014) |
| 650 #0 - SUBJECT ADDED ENTRY--TOPICAL TERM |
| Topical term or geographic name entry element |
Hispanic Americans |
| General subdivision |
Civil rights |
| Geographic subdivision |
Middle West. |
| 650 #0 - SUBJECT ADDED ENTRY--TOPICAL TERM |
| Topical term or geographic name entry element |
Hispanic Americans |
| Geographic subdivision |
Middle West |
| General subdivision |
Politics and government. |
| 650 #0 - SUBJECT ADDED ENTRY--TOPICAL TERM |
| Topical term or geographic name entry element |
Civil rights movements |
| Geographic subdivision |
Middle West. |
| 650 #0 - SUBJECT ADDED ENTRY--TOPICAL TERM |
| Topical term or geographic name entry element |
Social justice |
| Geographic subdivision |
Middle West. |
| 650 #0 - SUBJECT ADDED ENTRY--TOPICAL TERM |
| Topical term or geographic name entry element |
Equality |
| Geographic subdivision |
Middle West. |
| 650 #0 - SUBJECT ADDED ENTRY--TOPICAL TERM |
| Topical term or geographic name entry element |
Community life |
| Geographic subdivision |
Middle West. |
| 651 #0 - SUBJECT ADDED ENTRY--GEOGRAPHIC NAME |
| Geographic name |
Middle West |
| General subdivision |
Social conditions. |
| 651 #0 - SUBJECT ADDED ENTRY--GEOGRAPHIC NAME |
| Geographic name |
Middle West |
| General subdivision |
Ethnic relations. |
| 651 #0 - SUBJECT ADDED ENTRY--GEOGRAPHIC NAME |
| Geographic name |
Middle West |
| General subdivision |
Politics and government. |
| 655 #0 - INDEX TERM--GENRE/FORM |
| Genre/form data or focus term |
Electronic books. |
| 700 1# - ADDED ENTRY--PERSONAL NAME |
| Personal name |
Cardenas, Gilberto, |
| Relator term |
editor. |
| 791 2# - |
| -- |
Digitalia (Firm), |
| -- |
distributor. |
| 793 0# - |
| -- |
Digitalia eBook Collection: |
| -- |
Arte Público Press. |
| 776 08 - ADDITIONAL PHYSICAL FORM ENTRY |
| Relationship information |
Print version: |
| Title |
Causa. |
| Place, publisher, and date of publication |
Houston, Texas : Arte Publico Press, c2004. |
| International Standard Book Number |
9781558854253 |
| Record control number |
(OCoLC)54365140 |
| 830 #0 - SERIES ADDED ENTRY--UNIFORM TITLE |
| Uniform title |
Hispanic civil rights series. |
| 856 40 - ELECTRONIC LOCATION AND ACCESS |
| Materials specified |
Digitalia Hispánica |
| Uniform Resource Identifier |
<a href="https://www.digitaliapublishing.com/a/23245/">https://www.digitaliapublishing.com/a/23245/</a> |
| 910 ## - USER-OPTION DATA (OCLC) |
| User-option data |
Premium Collection: 2014 |
| 942 ## - ADDED ENTRY ELEMENTS (KOHA) |
| Koha item type |
Recurso Electrónico |